000 00721nam a2200265Ia 4500
003 OSt
005 20221006151042.0
006 a|||||r|||| 00| 0
007 ta
008 221006b |||||||| |||| 00| 0 jpn d
020 _c¥1200
024 _a20,784
037 _bGift, Japan Foundation
_cTextual
040 _aEASL
_cEASL
_bjpn
041 _2jpn
_ajpn
082 _aX:9.42.N12, L8
100 _aSUMIYA Mikio etc
_9658194
245 0 _aMeiji zenki no rodo mondai
260 _aTokyo
_bOcha Nomizu Shobo Japan
_c1978
300 _a260p.
_ccm.
490 _v JL
650 _aJL
942 _hX:9.42.N12, L8
_cTEXL
_2CC
999 _c1088870
_d1088870